Govt. of
Madhya Pradesh

The Maiking and Working of the Inidian Constitution (Record no. 47975)

MARC details
000 -LEADER
fixed length control field 003500000a22001450004500
003 - CONTROL NUMBER IDENTIFIER
control field MACL
040 ## - CATALOGING SOURCE
Original cataloging agency MACL
090 ## - LOCALLY ASSIGNED LC-TYPE CALL NUMBER (OCLC); LOCAL CALL NUMBER (RLIN)
-- 48492
-- 48490
100 ## - MAIN ENTRY--PERSONAL NAME
Personal name Chaube,Shibani Kinkar
245 ## - TITLE STATEMENT
Title The Maiking and Working of the Inidian Constitution
260 ## - PUBLICATION, DISTRIBUTION, ETC. (IMPRINT)
Place of publication, distribution, etc. India
Name of publisher, distributor, etc. National Book Trust
Date of publication, distribution, etc. 2010
350 ## - PRICE (NR) (BK AM CF MU VM SE) [OBSOLETE]
Price 70
650 ## - SUBJECT ADDED ENTRY--TOPICAL TERM
Topical term or geographic name as entry element Law
942 ## - ADDED ENTRY ELEMENTS (KOHA)
Koha item type Library Membar
Call number prefix 342.02/CHA
Holdings
Withdrawn status Lost status Source of classification or shelving scheme Damaged status Not for loan Home library Current library Date acquired Total Checkouts Full call number Barcode Date last seen Uniform Resource Identifier Price effective from Koha item type
          MACL MACL 15/04/2015   342.02/CHA BOOK CR0H26145 29/04/2015 48833 15/04/2015 Books